| 000 | 01943cam a2200445 a 4500 | ||
|---|---|---|---|
| 001 | 14724711 | ||
| 003 | PILC | ||
| 005 | 20150902085440.0 | ||
| 008 | 070205s2007 nyua b 001 0deng | ||
| 010 | _a 2007005119 | ||
| 020 | _a9780743269193 | ||
| 020 | _a0743269195 | ||
| 040 |
_aDLC _cDLC _dDLC |
||
| 043 | _an-us--- | ||
| 050 | 0 | 0 |
_aE 841 _b.T29 2007 |
| 082 | 0 | 0 | _a973.922 |
| 100 | 1 |
_aTalbot, David, _d1951- |
|
| 245 | 1 | 0 |
_aBrothers : _bthe hidden history of the Kennedy years / _cDavid Talbot. |
| 250 | _a1st Free Press hardcover ed. | ||
| 260 |
_aNew York : _bFree Press, _c2007. |
||
| 300 |
_axiv, 478 pages : _billustrations ; _c24 cm. |
||
| 500 | _aIncludes bibliographical references and index. | ||
| 600 | 1 | 0 |
_aKennedy, John F. _q(John Fitzgerald), _d1917-1963. |
| 600 | 1 | 0 |
_aKennedy, Robert F., _d1925-1968. |
| 600 | 1 | 0 |
_aKennedy, John F. _q(John Fitzgerald), _d1917-1963 _xAssassination. |
| 650 | 0 |
_aNational security _zUnited States _xHistory _y20th century. |
|
| 650 | 0 |
_aConspiracies _zUnited States _xHistory _y20th century. |
|
| 650 | 0 |
_aPresidents _zUnited States _vBiography. |
|
| 650 | 0 |
_aAttorneys general _zUnited States _vBiography. |
|
| 650 | 0 |
_aPresidential candidates _zUnited States _vBiography. |
|
| 651 | 0 |
_aUnited States _xPolitics and government _y1961-1963. |
|
| 651 | 0 |
_aUnited States _xPolitics and government _y1963-1969. |
|
| 856 | 4 | 1 |
_3Table of contents only _uhttp://www.loc.gov/catdir/toc/ecip0710/2007005119.html |
| 856 | 4 | 2 |
_3Publisher description _uhttp://www.loc.gov/catdir/enhancements/fy0710/2007005119-d.html |
| 856 | 4 | 1 |
_3Sample text _uhttp://www.loc.gov/catdir/enhancements/fy0827/2007005119-s.html |
| 856 | 4 | 2 |
_3Contributor biographical information _uhttp://www.loc.gov/catdir/enhancements/fy0904/2007005119-b.html |
| 906 |
_a7 _bcbc _corignew _d1 _eecip _f20 _gy-gencatlg |
||
| 942 |
_2lcc _cBK |
||
| 999 |
_c288573 _d288573 |
||